| 000 | 01074nam a22003017a 4500 | ||
|---|---|---|---|
| 001 | 0001860 | ||
| 003 | KOHA_MİRAKIL | ||
| 005 | 20260207001254.0 | ||
| 007 | ta | ||
| 008 | 090217b2000 tu |||gr||||#0|||0|tur | | ||
| 020 | _a9755560424 | ||
| 040 |
_aTR-BiSEU _btur _cTR-BiSEU _erda |
||
| 041 | 0 | _atur | |
| 044 | _ctu | ||
| 050 |
_aQD253 _b.A85 2000 |
||
| 100 | 1 | _aAtkins, Robert C.. | |
| 240 | 1 | 0 |
_aorganic chemistry : a brief course: student solutions manual to accompany _lTürkçe |
| 245 | 1 |
_aOrganik kimya : _bkısa ve öz : _böğrenci için problem çözümleri = _borganic chemistry : _ba brief course: student solutions manual to accompany/ _cRobert C. Atkins ; Robert C. Atkins, Francis A. Carey; çeviren Gürol Okay, Yılmaz Yıldırır. |
|
| 264 | 1 |
_aAnkara : _bBilim _c2000 |
|
| 300 | _aviii, 307 sayfa: resimli | ||
| 336 |
_ametin _btxt _2rdacontent |
||
| 337 |
_aaracısız _bn _2rdamedia |
||
| 338 |
_acilt _bnc _2rdacarrier |
||
| 650 | 0 |
_aKimya, Organik. _91514 |
|
| 650 | 0 |
_aChemistry, Organic. _91515 |
|
| 907 | _aDers Kitabı | ||
| 942 |
_2lcc _cBK |
||
| 999 |
_c1847 _d1847 |
||